<?xml version="1.0" encoding="UTF-8"?><?xml-stylesheet type="text/xsl" href="static/style.xsl"?><OAI-PMH xmlns="http://www.openarchives.org/OAI/2.0/" xmlns:xsi="http://www.w3.org/2001/XMLSchema-instance" xsi:schemaLocation="http://www.openarchives.org/OAI/2.0/ http://www.openarchives.org/OAI/2.0/OAI-PMH.xsd"><responseDate>2026-04-17T02:22:39Z</responseDate><request verb="GetRecord" identifier="oai:www.recercat.cat:2445/122724" metadataPrefix="marc">https://recercat.cat/oai/request</request><GetRecord><record><header><identifier>oai:recercat.cat:2445/122724</identifier><datestamp>2025-12-05T01:19:35Z</datestamp><setSpec>com_2072_1057</setSpec><setSpec>col_2072_478917</setSpec></header><metadata><record xmlns="http://www.loc.gov/MARC21/slim" xmlns:dcterms="http://purl.org/dc/terms/" xmlns:xsi="http://www.w3.org/2001/XMLSchema-instance" xmlns:doc="http://www.lyncode.com/xoai" xsi:schemaLocation="http://www.loc.gov/MARC21/slim http://www.loc.gov/standards/marcxml/schema/MARC21slim.xsd">
   <leader>00925njm 22002777a 4500</leader>
   <datafield ind2=" " ind1=" " tag="042">
      <subfield code="a">dc</subfield>
   </datafield>
   <datafield ind2=" " ind1=" " tag="720">
      <subfield code="a">Martins Campos, Keillen M.</subfield>
      <subfield code="e">author</subfield>
   </datafield>
   <datafield ind2=" " ind1=" " tag="720">
      <subfield code="a">Kuehn, Andrea</subfield>
      <subfield code="e">author</subfield>
   </datafield>
   <datafield ind2=" " ind1=" " tag="720">
      <subfield code="a">Almeida, Anne Cristine Gomes</subfield>
      <subfield code="e">author</subfield>
   </datafield>
   <datafield ind2=" " ind1=" " tag="720">
      <subfield code="a">Duarte, Ana Paula M.</subfield>
      <subfield code="e">author</subfield>
   </datafield>
   <datafield ind2=" " ind1=" " tag="720">
      <subfield code="a">Sampaio, Vanderson Souza</subfield>
      <subfield code="e">author</subfield>
   </datafield>
   <datafield ind2=" " ind1=" " tag="720">
      <subfield code="a">Rodriguez, Íria C.</subfield>
      <subfield code="e">author</subfield>
   </datafield>
   <datafield ind2=" " ind1=" " tag="720">
      <subfield code="a">Silva, Sara G. M. da</subfield>
      <subfield code="e">author</subfield>
   </datafield>
   <datafield ind2=" " ind1=" " tag="720">
      <subfield code="a">Rios Velasquez, Claudia María</subfield>
      <subfield code="e">author</subfield>
   </datafield>
   <datafield ind2=" " ind1=" " tag="720">
      <subfield code="a">Lima, José Bento Pereira</subfield>
      <subfield code="e">author</subfield>
   </datafield>
   <datafield ind2=" " ind1=" " tag="720">
      <subfield code="a">Pimenta, Paulo F. P.</subfield>
      <subfield code="e">author</subfield>
   </datafield>
   <datafield ind2=" " ind1=" " tag="720">
      <subfield code="a">Bassat Orellana, Quique</subfield>
      <subfield code="e">author</subfield>
   </datafield>
   <datafield ind2=" " ind1=" " tag="720">
      <subfield code="a">Mueller, Ivo</subfield>
      <subfield code="e">author</subfield>
   </datafield>
   <datafield ind2=" " ind1=" " tag="720">
      <subfield code="a">Lacerda, Marcus Vinícius Guimarães</subfield>
      <subfield code="e">author</subfield>
   </datafield>
   <datafield ind2=" " ind1=" " tag="720">
      <subfield code="a">Monteiro, Wuelton Marcelo</subfield>
      <subfield code="e">author</subfield>
   </datafield>
   <datafield ind2=" " ind1=" " tag="720">
      <subfield code="a">Barbosa Guerra, Maria G.</subfield>
      <subfield code="e">author</subfield>
   </datafield>
   <datafield ind2=" " ind1=" " tag="260">
      <subfield code="c">2018-06-01T13:37:38Z</subfield>
   </datafield>
   <datafield ind2=" " ind1=" " tag="260">
      <subfield code="c">2018-06-01T13:37:38Z</subfield>
   </datafield>
   <datafield ind2=" " ind1=" " tag="260">
      <subfield code="c">2018-05-04</subfield>
   </datafield>
   <datafield ind2=" " ind1=" " tag="260">
      <subfield code="c">2018-05-23T17:59:53Z</subfield>
   </datafield>
   <datafield ind2=" " ind1=" " tag="520">
      <subfield code="a">BACKGROUND: Asymptomatic individuals are one of the major&#xd;
                challenges for malaria elimination programs in endemic areas. In&#xd;
                the absence of clinical symptoms and with a lower parasite&#xd;
                density they constitute silent reservoirs considered important&#xd;
                for maintaining transmission of human malaria. Studies from&#xd;
                Brazil have shown that infected individuals may carry these&#xd;
                parasites for long periods. RESULTS: Patients were selected from&#xd;
                three periurban endemic areas of the city of Manaus, in the&#xd;
                western Brazilian Amazon. Symptomatic and asymptomatic patients&#xd;
                with positive thick blood smear and quantitative real-time PCR&#xd;
                (qPCR) positive for Plasmodium vivax were invited to participate&#xd;
                in the study. A standardised pvs25 gene amplification by qPCR&#xd;
                was used for P. vivax gametocytes detection. Anopheles aquasalis&#xd;
                were fed using membrane feeding assays (MFA) containing blood&#xd;
                from malaria patients. Parasitemia of 42 symptomatic and 25&#xd;
                asymptomatic individuals was determined by microscopic&#xd;
                examination of blood smears and qPCR. Parasitemia density and&#xd;
                gametocyte density were assessed as determinants of infection&#xd;
                rates and oocysts densities. A strong correlation between&#xd;
                gametocyte densities (microscopy and molecular techniques) and&#xd;
                mosquito infectivity (P &lt; 0.001) and oocysts median numbers&#xd;
                (P &lt; 0.05) was found in both groups. The ability to infect&#xd;
                mosquitoes was higher in the symptomatic group (41%), but&#xd;
                infectivity in the asymptomatic group was also seen (1.42%).&#xd;
                CONCLUSIONS: Although their infectivity to mosquitoes is&#xd;
                relatively low, given the high prevalence of P. vivax&#xd;
                asymptomatic carriers they are likely to play and important role&#xd;
                in malaria transmission in the city of Manaus. The role of&#xd;
                asymptomatic infections therefore needs to be considered in&#xd;
                future malaria elimination programs in Brazil.</subfield>
   </datafield>
   <datafield tag="653" ind2=" " ind1=" ">
      <subfield code="a">Anopheles</subfield>
   </datafield>
   <datafield tag="653" ind2=" " ind1=" ">
      <subfield code="a">Plasmodium vivax</subfield>
   </datafield>
   <datafield tag="653" ind2=" " ind1=" ">
      <subfield code="a">Anopheles</subfield>
   </datafield>
   <datafield tag="653" ind2=" " ind1=" ">
      <subfield code="a">Plasmodium vivax</subfield>
   </datafield>
   <datafield ind2="0" ind1="0" tag="245">
      <subfield code="a">Infection of Anopheles aquasalis from symptomatic and&#xd;
                asymptomatic Plasmodium vivax infections in Manaus, western&#xd;
                Brazilian Amazon</subfield>
   </datafield>
</record></metadata></record></GetRecord></OAI-PMH>